Quiz do Nepal - Statistics

Estatísticas Gerais
  • Esse quiz foi jogado 561 vezes
  • A pontuação média é 11 de 20
Estatísticas das Respostas
Dica Resposta % Correto
O pico mais alto do mundo Monte {Everest}
95%
Países fazendo fronteira com o Nepal China
89%
Países fazendo fronteira com o Nepal Índia
88%
A bandeira do Nepal é a única bandeira nacional do mundo que não é um ... Retângulo
84%
Cordilheira que cobre a maior parte do Nepal Himalaias
83%
Tipo de desastre natural que devastou o Nepal em 2015 Terremoto
81%
Capital Catmandu
75%
Religião praticada por mais de 80% da população do Nepal Hinduísmo
67%
Líder religioso que nasceu no sul do Nepal por volta de 480 a.C. Buda
64%
Esporte mais popular Críquete
52%
Diz-se que esta criatura mítica habita as montanhas do Nepal Iéti
49%
Moeda oficial {Rupia} Nepalesa
49%
Maior partido político Partido Comunista do Nepal
40%
Animal peludo semelhante ao gado cujo leite é convertido para queijo Iaque
29%
Isso foi abolido em 2008, após as eleições para a Assembleia Constituinte Monarquia
28%
Grupo étnico conhecido por ter excelentes alpinistas Xerpa
26%
Grande maciço no centro do Nepal e o décimo pico mais alto do mundo Anna{purna}
20%
As primeiras pessoas a escalar aquele pico Edmund Hillary
19%
As primeiras pessoas a escalar aquele pico Tenzing Norgay
18%
Termo para um soldado nepalês recrutado para o exército britânico Gurkha
15%
Nenhum quiz correspondente encontrado
Distribuição das Pontuações
Porcentagem de Pessoas com Cada Pontuação
Percentil de Números Respondidos
Sua Pontuação Histórica
Você não jogou esse quiz